Niezapomniane Jedenastki #23: Paris SG 2012/2013 - Statystyki

Ogólne statystyki
  • Ten quiz został rozwiązany 71 razy
  • Średni wynik to 6 z 11
Statystyki odpowiedzi
Pozycja Kraj Zawodnik % Poprawnych
N Szwecja Zlatan Ibrahimovic
97%
ŚP Włochy Marco Verratti
78%
LS Argentyna Ezequiel Lavezzi
75%
BR Włochy Salvatore Sirigu
73%
ŚPO Argentyna Javier Pastore
63%
ŚPD Francja Blaise Matuidi
57%
LO Brazylia Maxwell
52%
ŚO Brazylia Alex
28%
PS Francja Jeremy Menez
20%
ŚO Francja Mamadou Sakho
20%
PO Francja Christophe Jallet
17%
Nie znaleziono quizów pasujących do podanych kryteriów
Rozkład punktacji
Procent ludzi z każdym wynikiem
Percentyl według liczby udzielonych odpowiedzi
Twoja historia wyników
Nie rozwiązałeś tego quizu